00747nam a2200205 i 450000100060000000300090000600500170001500700030003200800410003508000160007610000400009224501130013226000500024530000930029549000280038865100400041683000280045685200220048485200350050696840ES-MaACL20250824063038.0t|050701s1961 sp abf ||||1| spa d a908(460.35)1 aManfredi Cano, Domingo, d1918-199810aAlgeciras, Costa del Sol, Málaga, Granada, Jaén, Córdoba / ctexto literario de Domingo Manfredi Cano. aMadrid : bPublicaciones Españolas, c1961. a114 p. , [17] h. de lám. col. y n. , [1] h. pleg. con mapa : bil. bl. y n. ; c21 cm.1 aRutas de España ; v2 4aAndalucía-vGuías turísticas.0 aRutas de España ; v2 aES-MaACLjC-48364 aES-MaACLjE-15312 xOlim P-326